Canidés - Mort subite - Statistiques

Statistiques générales
  • Ce quiz a été pris 690 fois
  • Le résultat moyen est 4 sur 7
Answers on the Grid
Answers color-coded by a green-red scale on the quiz's grid according to % correct below.
Loup
Serval
Lycaon
Hyène
Chacal
Chien de prairie
Panda roux
Renard
Fennec
Tanuki
Coyote
Mangouste
 
Statistiques - réponses
Réponse % Correct
Loup
82%
Coyote
65%
Renard
57%
Chacal
53%
Fennec
45%
Lycaon
43%
Tanuki
17%
Aucun quiz correspondant
Distribution des résultats
% des personnes avec chaque résultat
Percentile par nombre de réponses
Votre historique - résultats
Vous n’avez pas pris ce quiz